La France coupée en 3 - Statistiques

Statistiques générales
  • Ce quiz a été pris 58 fois
  • Le résultat moyen est 19 sur 38
Statistiques - réponses
Hint Réponse % Correct
Continent au centre duquel se situe le pôle Sud An
91%
Capitale de Madagascar An
82%
Île des Caraïbes dont la plus grande ville est Saint John's An
73%
Ensemble d'îles, situé dans la mer des Caraïbes An
73%
Capitale de la Turquie An
73%
Ancien nom du Sri Lanka Ce
73%
Nom court de la République centrafricaine Ce
65%
Ville flamande de Belgique An
62%
Ville du Val-de-Marne connue pour sa prison Fr
62%
Grande-Bretagne An
60%
Cordillère d'Amérique du Sud An
58%
Chef-lieu de la Haute-Savoie An
56%
Chef-lieu de la Charente An
55%
Chef-lieu du Maine-et-Loire An
55%
De l'île-de-France Fr
55%
Deuxième ville la plus peuplée des Alpes-Maritimes An
51%
Commune et canton de la Haute-Savoie An
51%
Nom que donnaient les chinois à la chine à l'époque impériale Ce
51%
Petit pays des Pyrénées An
49%
Territoire de Maine-et-Loire An
45%
Archipel au nord de Saint-Martin An
45%
Petite baie An
44%
Lieux sur terre diamétralement opposés l'un à l'autre An
44%
Ville la plus peuplée d'Alaska An
44%
Péninsule qui constitue la partie asiatique de la Turquie An
42%
Chef-lieu du Val-d'Oise Ce
42%
Ville et canton de Suisse Fr
42%
Grand pic d'Espagne An
40%
Ville balnéaire de l'aire d'attraction de Bayonne An
38%
Région française Ce
35%
Commune de l'Ardèche, capitale du Haut-Vivarais An
31%
Région naturelle du sud-est de la France Ce
31%
Ligne imaginaire délimitant le pôle Ce
29%
Canton et ville du Val d'Oise Fr
29%
Ville du Nord-Est de l'Algérie An
24%
Île de Grèce An
22%
Espace souterrain moins profond qu'une caverne An
22%
Capitale du Maryland An
13%
Aucun quiz correspondant
Distribution des résultats
% des personnes avec chaque résultat
Percentile par nombre de réponses
Votre historique - résultats
Vous n’avez pas pris ce quiz